[Event "LSS SF-2008-0-00008"]
[Site "LSS email"]
[Date "2008.06.03"]
[Round "?"]
[White "Feng, Jason"]
[Black "Huston, James"]
[Result "1-0"]
[WhiteElo "1049"]
[BlackElo "1114"]
[PlyCount "33"]
[EventDate "2008.05.10"]
[EventType "tourn (corr)"]
[EventRounds "6"]
[EventCountry "GER"]
[SourceTitle "Corr 2011"]
[Source "ChessBase"]
[SourceDate "2010.08.31"]
[SourceVersion "1"]
[SourceVersionDate "2010.08.31"]
[SourceQuality "1"]

1. b4 e5 2. Bb2 Bxb4 3. f4 Nc6 4. Nf3 d6 5. g3 Nf6 6. fxe5 Nxe5 7. Nxe5 dxe5 8. Bxe5 0-0 9. Bf4 Bf5 10. c3 Ba5 11. Bg2 Bb6 12. Bxb7 Rb8 13. Bg2 Ng4 14. e3 Bd3 15. Qxg4 Bc5 16. Kf2 Re8 17. Re1 1-0

[Event "LSS SF-2008-0-00008"]
[Site "LSS email"]
[Date "2008.06.01"]
[Round "?"]
[White "Dante, Romanazzi"]
[Black "Huston, James"]
[Result "1-0"]
[WhiteElo "708"]
[BlackElo "1081"]
[PlyCount "21"]
[EventDate "2008.05.10"]
[EventType "tourn (corr)"]
[EventRounds "6"]
[EventCountry "GER"]
[SourceTitle "Corr 2013"]
[Source "ChessBase"]
[SourceDate "2012.11.12"]
[SourceVersion "1"]
[SourceVersionDate "2012.11.12"]
[SourceQuality "1"]
[WhiteTeam "US of America"]
[BlackTeam "US of America"]
[WhiteTeamCountry "USA"]
[BlackTeamCountry "USA"]

1. d4 d5 2. e3 Nc6 3. Bb5 Bd7 4. f4 e6 5. Nf3 Nf6 6. a3 Bd6 7. 0-0 0-0 8. Nc3 a6 9. Bd3 Ne7 10. Bd2 c5 11. Be1 1-0

[Event "LSS RL-2007-0-00095"]
[Site "LSS email"]
[Date "2007.04.21"]
[Round "?"]
[White "Huston, James"]
[Black "Udvari, Norbert"]
[Result "0-1"]
[WhiteElo "1081"]
[BlackElo "2014"]
[PlyCount "28"]
[EventDate "2007.04.16"]
[EventType "tourn (corr)"]
[EventRounds "6"]
[EventCountry "GER"]
[SourceTitle "Corr 2015"]
[Source "ChessBase"]
[SourceDate "2015.07.17"]
[SourceVersion "1"]
[SourceVersionDate "2015.07.17"]
[SourceQuality "1"]

1. e4 e5 2. Qh5 Nc6 3. Bc4 g6 4. Qf3 Nf6 5. c3 Bg7 6. d3 0-0 7. Be3 Na5 8. Bb5 d5 9. Nd2 Bg4 10. Qg3 c6 11. Ba4 Be6 12. b4 Nh5 13. Qf3 d4 14. cxd4 exd4 0-1

[Event "LSS OP-2007-0-00286"]
[Site "LSS email"]
[Date "2007.04.20"]
[Round "?"]
[White "Paoli, Walter"]
[Black "Huston, James"]
[Result "0-1"]
[WhiteElo "1000"]
[BlackElo "1081"]
[PlyCount "26"]
[EventDate "2007.04.16"]
[EventType "tourn (corr)"]
[EventRounds "4"]
[EventCountry "GER"]
[SourceTitle "Corr 2015"]
[Source "ChessBase"]
[SourceDate "2015.07.17"]
[SourceVersion "1"]
[SourceVersionDate "2015.07.17"]
[SourceQuality "1"]

1. e4 e5 2. Nf3 Nf6 3. Nxe5 d6 4. Nf3 Nxe4 5. d4 d5 6. Bd3 Nf6 7. Nc3 Bb4 8. 0-0 0-0 9. Bg5 c6 10. Ne2 Bg4 11. Ng3 h6 12. Bh4 g5 13. Bxg5 Bxf3 0-1

[Event "IECG TG-2007-0-15737"]
[Site "IECG email"]
[Date "2007.04.16"]
[Round "2"]
[White "Serravillo, Salvatore"]
[Black "Huston, James"]
[Result "0-1"]
[WhiteElo "1200"]
[BlackElo "1300"]
[PlyCount "30"]
[EventDate "2007.04.16"]
[EventType "tourn (corr)"]
[EventRounds "6"]
[SourceTitle "Corr 2024"]
[Source "ChessBase"]
[SourceDate "2023.10.19"]
[SourceVersion "1"]
[SourceVersionDate "2023.10.19"]
[SourceQuality "1"]

1. d4 Nf6 2. Nc3 d6 3. e4 e5 4. dxe5 dxe5 5. Qxd8+ Kxd8 6. Bd2 Nc6 7. Nf3 a6 8. Bc4 Ke8 9. h3 Bb4 10. a3 Ba5 11. 0-0-0 b5 12. Bd5 Nxd5 13. Nxd5 Bxd2+ 14. Rxd2 Ra7 15. Rhd1 Ne7 0-1

[Event "IECG QE.2004.0.00073"]
[Site "IECG email"]
[Date "2004.07.21"]
[Round "?"]
[White "Schoenbach, Patrick"]
[Black "Huston, James"]
[Result "1-0"]
[WhiteElo "1381"]
[BlackElo "1300"]
[PlyCount "27"]
[EventDate "2004.07.21"]
[EventType "tourn (corr)"]
[EventRounds "6"]
[SourceTitle "Corr 2024"]
[Source "ChessBase"]
[SourceDate "2023.10.19"]
[SourceVersion "1"]
[SourceVersionDate "2023.10.19"]
[SourceQuality "1"]

1. e4 e5 2. Nf3 Nf6 3. Nxe5 d6 4. Nf3 Nxe4 5. Bb5+ c6 6. Bd3 Nf6 7. 0-0 Be7 8. Re1 0-0 9. Nd4 d5 10. Nc3 Nbd7 11. Nf5 Bc5 12. Be2 Qb6 13. d4 Bb4 14. a3 1-0

[Event "SEMI B029 email"]
[Site "SEMI email"]
[Date "2002.04.22"]
[Round "?"]
[White "Huston, James"]
[Black "Briceno Ochoa, Jose Antonio"]
[Result "0-1"]
[WhiteElo "1385"]
[BlackElo "1300"]
[PlyCount "48"]
[EventDate "2002.04.22"]
[EventType "tourn (corr)"]
[EventRounds "6"]
[EventCountry "ITA"]
[SourceTitle "Telechess CBM 097"]
[Source "ChessBase"]
[SourceDate "2003.11.11"]
[SourceVersion "1"]
[SourceVersionDate "2003.11.11"]
[SourceQuality "1"]

1. e4 d6 2. d4 Nf6 3. Nc3 g6 4. Bg5 Bg7 5. e5 dxe5 6. dxe5 Qxd1+ 7. Rxd1 Ng4 8. Nf3 Nxe5 9. Nxe5 Bxe5 10. Nb5 a6 11. Nc3 h6 12. Bh4 Bf5 13. Bd3 Bxc3+ 14. bxc3 Be6 15. a3 Nd7 16. Kd2 Rd8 17. Kc1 Nc5 18. Rhe1 Na4 19. Bxg6 Rxd1+ 20. Kxd1 fxg6 21. Rxe6 Nxc3+ 22. Kd2 Nd5 23. Rxg6 Kf7 24. Rg3 Rg8 0-1

[Event "SEMI B029 email"]
[Site "SEMI email"]
[Date "2002.04.22"]
[Round "?"]
[White "Lopriore, Nunzio"]
[Black "Huston, James"]
[Result "1-0"]
[WhiteElo "1200"]
[BlackElo "1385"]
[PlyCount "33"]
[EventDate "2002.04.22"]
[EventType "tourn (corr)"]
[EventRounds "6"]
[EventCountry "ITA"]
[SourceTitle "Telechess CBM 097"]
[Source "ChessBase"]
[SourceDate "2003.11.11"]
[SourceVersion "1"]
[SourceVersionDate "2003.11.11"]
[SourceQuality "1"]

1. d4 Nf6 2. d5 c5 3. c4 e5 4. Bg5 d6 5. e4 Be7 6. Nf3 0-0 7. Bd3 a6 8. 0-0 Bd7 9. Nc3 Ne8 10. Qd2 Bg4 11. Bxe7 Qxe7 12. Be2 f5 13. Qg5 Qxg5 14. Nxg5 Bxe2 15. Nxe2 Nc7 16. Ng3 f4 17. Nf5 1-0

[Event "SEMI B028 email"]
[Site "SEMI email"]
[Date "2002.03.25"]
[Round "?"]
[White "Huston, James"]
[Black "Kelbl, Jiri"]
[Result "0-1"]
[WhiteElo "1385"]
[BlackElo "1007"]
[PlyCount "57"]
[EventDate "2002.03.25"]
[EventType "tourn (corr)"]
[EventRounds "6"]
[EventCountry "ITA"]
[SourceTitle "Telechess CBM 097"]
[Source "ChessBase"]
[SourceDate "2003.11.11"]
[SourceVersion "1"]
[SourceVersionDate "2003.11.11"]
[SourceQuality "1"]

1. e4 e6 2. d4 d5 3. e5 c5 4. c3 Qb6 5. Nf3 Bd7 6. Be2 Bb5 7. c4 Bxc4 8. Bxc4 dxc4 9. d5 Ne7 10. d6 Nec6 11. Nbd2 Qa6 12. a3 Nd7 13. 0-0 g6 14. Qc2 Bg7 15. Nxc4 Ndxe5 16. Ncxe5 Nxe5 17. Nxe5 Bxe5 18. d7+ Kxd7 19. Qxc5 Qd6 20. Qxd6+ Bxd6 21. Rd1 Ke7 22. Be3 a6 23. Rac1 Rac8 24. h3 Be5 25. Rxc8 Rxc8 26. Rc1 Rxc1+ 27. Bxc1 Kd6 28. Kf1 Kd5 29. Ke2 0-1

[Event "IECC CL6-2001.36"]
[Site "IECC email"]
[Date "2001.12.14"]
[Round "?"]
[White "Sala, Stefano"]
[Black "Huston, James"]
[Result "1/2-1/2"]
[WhiteElo "1494"]
[BlackElo "1330"]
[PlyCount "51"]
[EventDate "2001.??.??"]
[EventType "tourn (corr)"]
[EventRounds "4"]
[SourceTitle "Corr 2008"]
[Source "ChessBase"]
[SourceDate "2008.06.24"]
[SourceVersion "1"]
[SourceVersionDate "2008.06.24"]
[SourceQuality "1"]

1. d4 d5 2. Nf3 Bf5 3. b3 e6 4. c4 c6 5. Nc3 Nf6 6. e3 Be7 7. Be2 0-0 8. 0-0 Nbd7 9. c5 b5 10. Bd3 Bxd3 11. Qxd3 a5 12. a3 Qc7 13. Bd2 e5 14. Qf5 e4 15. Ne1 Rfe8 16. Nc2 Nf8 17. f3 exf3 18. Rxf3 Qd7 19. Raf1 Qxf5 20. Rxf5 Ng6 21. Be1 Bd8 22. Bg3 Ra7 23. h3 Ne4 24. Nxe4 Rxe4 25. Bb8 Rb7 26. Bd6 1/2-1/2

[Event "SEMI B024 email"]
[Site "SEMI email"]
[Date "2001.11.26"]
[Round "?"]
[White "D'Agosta, Roberto"]
[Black "Huston, James"]
[Result "1-0"]
[WhiteElo "1270"]
[BlackElo "1385"]
[PlyCount "21"]
[EventDate "2001.11.26"]
[EventType "tourn (corr)"]
[EventRounds "6"]
[EventCountry "ITA"]
[SourceTitle "Telechess CBM 097"]
[Source "ChessBase"]
[SourceDate "2003.11.11"]
[SourceVersion "1"]
[SourceVersionDate "2003.11.11"]
[SourceQuality "1"]

1. e4 e5 2. Nf3 Nf6 3. Nxe5 d6 4. Nf3 Nxe4 5. d4 d5 6. Bd3 Nf6 7. 0-0 Bd6 8. Re1+ Be6 9. Ng5 Qd7 10. Bf5 0-0 11. Nxe6 1-0

[Event "SEMI B024 email"]
[Site "SEMI email"]
[Date "2001.11.26"]
[Round "?"]
[White "Huston, James"]
[Black "Russo, Gigi"]
[Result "0-1"]
[WhiteElo "1385"]
[BlackElo "1000"]
[PlyCount "56"]
[EventDate "2001.11.26"]
[EventType "tourn (corr)"]
[EventRounds "6"]
[EventCountry "ITA"]
[SourceTitle "Telechess CBM 097"]
[Source "ChessBase"]
[SourceDate "2003.11.11"]
[SourceVersion "1"]
[SourceVersionDate "2003.11.11"]
[SourceQuality "1"]

1. e4 e5 2. Nf3 Nc6 3. Bb5 Nf6 4. 0-0 Bc5 5. h3 Nxe4 6. d3 Nf6 7. Bxc6 dxc6 8. Nxe5 0-0 9. Nc3 Re8 10. Nf3 Nd5 11. Ne4 Bb6 12. Re1 Bf5 13. Bg5 Qd7 14. c4 Nb4 15. c5 Nxd3 16. cxb6 Nxe1 17. Qxd7 Nxf3+ 18. gxf3 Bxd7 19. bxc7 h6 20. Rd1 Bxh3 21. Bh4 f6 22. Bxf6 gxf6 23. Nxf6+ Kf7 24. Nxe8 Rxe8 25. Kh2 Be6 26. a3 Rc8 27. Rd8 Rxc7 28. Rh8 Kg6 0-1